A Study of Management Perceptions of the Impact of Corporate Social Responsibility on Organisational Performance in Emerging Economies: The Case of Dubai

Although a number of studies have shown that corporate social responsibility (CSR) activities often lead to greater organisational performance in western developed economies, researchers are yet to examine the strategic value of CSR in emerging economies. Using survey data from 280 firms operating i...

Full description

Saved in:  
Bibliographic Details
Authors: Rettab, Belaid (Author) ; Brik, Anis Ben (Author) ; Mellahi, Kamel (Author)
Format: Electronic Article
Language:English
Check availability: HBZ Gateway
Interlibrary Loan:Interlibrary Loan for the Fachinformationsdienste (Specialized Information Services in Germany)
Published: 2009
In: Journal of business ethics
Year: 2009, Volume: 89, Issue: 3, Pages: 371-390
Further subjects:B Corporate social responsibility
B Organisational Performance
B Emerging economies
B United Arab Emirates
Online Access: Volltext (JSTOR)
Volltext (lizenzpflichtig)

MARC

LEADER 00000caa a22000002c 4500
001 1785636065
003 DE-627
005 20250324045148.0
007 cr uuu---uuuuu
008 220112s2009 xx |||||o 00| ||eng c
024 7 |a 10.1007/s10551-008-0005-9  |2 doi 
035 |a (DE-627)1785636065 
035 |a (DE-599)KXP1785636065 
035 |a (DE-He213)s10551-008-0005-9-e 
040 |a DE-627  |b ger  |c DE-627  |e rda 
041 |a eng 
084 |a 1  |2 ssgn 
100 1 |8 1\p  |e VerfasserIn  |0 (DE-588)171503120  |0 (DE-627)061710776  |0 (DE-576)359493564  |4 aut  |a Rettab, Belaid 
109 |a Rettab, Belaid 
245 1 2 |a A Study of Management Perceptions of the Impact of Corporate Social Responsibility on Organisational Performance in Emerging Economies: The Case of Dubai 
264 1 |c 2009 
336 |a Text  |b txt  |2 rdacontent 
337 |a Computermedien  |b c  |2 rdamedia 
338 |a Online-Ressource  |b cr  |2 rdacarrier 
520 |a Although a number of studies have shown that corporate social responsibility (CSR) activities often lead to greater organisational performance in western developed economies, researchers are yet to examine the strategic value of CSR in emerging economies. Using survey data from 280 firms operating in Dubai, this study examines the link between CSR activities and organisational performance. The results show that CSR has a positive relationship with all three measures of organisational performance: financial performance, employee commitment, and corporate reputation. These results reinforce the accumulating body of empirical support for the positive impact of CSR on performance and challenge the dominant assumption that, given the weak institutional framework in emerging economies, CSR activities drain resources and compromise firms’ competitiveness. 
601 |a Organisation 
601 |a Performance 
601 |a Economy, Pa. 
650 4 |a United Arab Emirates 
650 4 |a Emerging economies 
650 4 |a Organisational Performance 
650 4 |a Corporate Social Responsibility 
700 1 |8 2\p  |e VerfasserIn  |0 (DE-588)140067639  |0 (DE-627)615006361  |0 (DE-576)314408320  |4 aut  |a Brik, Anis Ben 
700 1 |8 3\p  |e VerfasserIn  |0 (DE-588)130492876  |0 (DE-627)502592117  |0 (DE-576)298229110  |4 aut  |a Mellahi, Kamel 
773 0 8 |i Enthalten in  |t Journal of business ethics  |d Dordrecht : Springer, 1982  |g 89(2009), 3, Seite 371-390  |h Online-Ressource  |w (DE-627)270937129  |w (DE-600)1478688-6  |w (DE-576)121465284  |x 1573-0697  |7 nnas 
773 1 8 |g volume:89  |g year:2009  |g number:3  |g pages:371-390 
856 |3 Volltext  |u http://www.jstor.org/stable/40295062  |x JSTOR 
856 4 0 |u https://doi.org/10.1007/s10551-008-0005-9  |x Resolving-System  |z lizenzpflichtig  |3 Volltext  |7 1 
883 |8 1\p  |a cgwrk  |d 20250301  |q DE-101  |u https://d-nb.info/provenance/plan#cgwrk 
883 |8 2\p  |a cgwrk  |d 20250301  |q DE-101  |u https://d-nb.info/provenance/plan#cgwrk 
883 |8 3\p  |a cgwrk  |d 20250301  |q DE-101  |u https://d-nb.info/provenance/plan#cgwrk 
935 |a mteo 
951 |a AR 
ELC |a 1 
ITA |a 1  |t 1 
LOK |0 000 xxxxxcx a22 zn 4500 
LOK |0 001 4033694943 
LOK |0 003 DE-627 
LOK |0 004 1785636065 
LOK |0 005 20220112043710 
LOK |0 008 220112||||||||||||||||ger||||||| 
LOK |0 035   |a (DE-Tue135)IxTheo#2021-12-30#1EF9A6D11D9E945D5A70DB94E35C356885542C76 
LOK |0 040   |a DE-Tue135  |c DE-627  |d DE-Tue135 
LOK |0 092   |o n 
LOK |0 852   |a DE-Tue135 
LOK |0 852 1  |9 00 
LOK |0 866   |x JSTOR#http://www.jstor.org/stable/40295062 
LOK |0 935   |a ixzs  |a ixrk  |a zota 
LOK |0 939   |a 12-01-22  |b l01 
ORI |a SA-MARC-ixtheoa001.raw 
STA 0 0 |a Corporate social responsibility 
STB 0 0 |a Responsabilité sociale de l'entreprise 
STC 0 0 |a Responsabilidad social de la empresa 
STD 0 0 |a Corporate social responsibility,Responsabilità sociale d'impresa,Responsabilità sociale d'impresa 
STF 0 0 |a 企業社會責任 
STG 0 0 |a Responsabilidade social da empresa 
STH 0 0 |a Корпоративная социальная ответственность 
STI 0 0 |a Εταιρική κοινωνική ευθύνη,Corporate social responsibility 
SYE 0 0 |a Corporate social responsibility,Corporate citizenship,Corporate environment responsibility,Corporate environmental responsibility,Corporate responsibility,Corporate sustainability management,Corporate volunteering,CSR (Corporate social responsibility),Environment social governance,Environmental, social and corporate governance,Environmental, social and governance,ESG,Gesellschaftliche Unternehmensverantwortung,Gesellschaftliche Verantwortung von Unternehmen,Gesellschaftliches Engagement von Unternehmen,Nachhaltigkeitsmanagement,Soziale Verantwortung von Unternehmen,Soziales Engagement von Unternehmen,Unternehmensverantwortung,Unternehmerische Sozialverantwortung,CSR,Corporate Citizenship,Unternehmerische Gesellschaftsverantwortung,Unternehmerische Sozialverantwortung,Unternehmen